Noval Formations: (Record no. 188099)
[ view plain ]
| 000 -LEADER | |
|---|---|
| fixed length control field | 00673nam a22001937a 4500 |
| 005 - DATE AND TIME OF LATEST TRANSACTION | |
| control field | 20220510121014.0 |
| 010 ## - LCCN (DPL NO) | |
| LC control number | ENG-132579 |
| 020 ## - INTERNATIONAL STANDARD BOOK NUMBER | |
| International Standard Book Number | 9788178245362 |
| Terms of availability | 795.00 |
| 035 ## - SYSTEM CONTROL NUMBER | |
| System control number | EN-116111 |
| 037 ## - SOURCE OF ACQUISITION | |
| Source of stock number/acquisition | DBAD/PUB |
| 082 ## - DEWEY DECIMAL CLASSIFICATION NUMBER | |
| Classification number | 891.4 |
| Item number | 1 |
| 245 ## - TITLE STATEMENT | |
| Title | Noval Formations: |
| Remainder of title | The Indian Beginnings of European Genre/ |
| Statement of responsibility, etc | edited by Baidik Bhattacharya |
| 260 ## - PUBLICATION, DISTRIBUTION, ETC. (IMPRINT) | |
| Place of publication, distribution, etc | Ranikhet |
| Name of publisher, distributor, etc | Permanent Black |
| Date of publication, distribution, etc | 2019 |
| 270 ## - ADDRESS | |
| Address | Himalayana, Mall Road ,Ranikhet Cantt, Ranikhet -263645 |
| City | Ranikhet |
| Postal code | 263645 |
| Electronic mail address | perblack@gmail.com |
| 300 ## - PHYSICAL DESCRIPTION | |
| Extent | 260p |
| Dimensions | 23cm(hbk) |
| Other physical details | Note on Contributors |
| 700 ## - ADDED ENTRY--PERSONAL NAME | |
| Personal name | Baidik Bhattacharya |
| 700 ## - ADDED ENTRY--PERSONAL NAME | |
| Personal name | Sambudha Sen |
| 942 ## - ADDED ENTRY ELEMENTS (KOHA) | |
| Source of classification or shelving scheme | Dewey Decimal Classification |
| Item type | English Books |
| Classification part | 891.4 |
| Call number suffix | NOV |
| Withdrawn status | Lost status | Not for loan | Collection code | Home library | Current library | Date acquired | Source of acquisition | Cost, normal purchase price | Full call number | Barcode | Copy number | Cost, replacement price | Koha item type |
|---|---|---|---|---|---|---|---|---|---|---|---|---|---|
| Non-fiction | Patel Nagar | Patel Nagar | 10/05/2022 | DBAD/PUB | 795.00 | 891.4 NOV | EN-116111 | 1 | 795.00 | English Books |
